banner-ar

DISEASE MANAGEMENT / (Record no. 7454)

MARC details
000 -الفاتح
حقل البيانات ثابتة الطول 00541nam a2200205Ia 4500
008 - عناصر البيانات ثابتة الطول - معلومات عامة
حقل البيانات ثابتة الطول 140319s9999 xx 000 0 eng d
020 ## - الرقم الدولى المعيارى للكتب
الرقم الدولى المعيارى للكتاب 0853695237
040 ## - مصدر الفهرسة
وكالة الفهرسة الأصلية GCL /
وكالة النسخ GCL
082 04 - رقم تصنيف ديوى العشرى
رقم التصنيف 615.6
رقم المادة R D
100 1# - المدخل الرئيسى - إسم شخصى
الإسم الشخصى RANDALL, MICHAEL D
245 10 - بيان العنوان
العنوان DISEASE MANAGEMENT /
بيان المسئوليه,etc RANDALL, MICHAEL D
700 1# - المدخل الاضافى - اسم شخصى
الإسم الشخصى NEIL, KAREN E
260 ## - PUBLICATION, DISTRIBUTION, ETC. (IMPRINT)
تاريخ النشر أو التوزيع 2003
300 ## - الوصف المادى
التعداد 24 CM ؛
أبعاد الوعاء 492 P
650 04 - المدخل الاضافى بالموضوع-مصطلح موضوعى
مصطلح موضوعي PHARMACOLOGY
650 04 - المدخل الاضافى بالموضوع-مصطلح موضوعى
مصطلح موضوعي PHARMACY
650 04 - المدخل الاضافى بالموضوع-مصطلح موضوعى
مصطلح موضوعي MEDICAL PHARMACOLOGY
942 ## - عناصر المدخل الإضافي( كوها)
مصدر التصنيف او مخطط الترفيف Dewey Decimal Classification
Koha [default] item type كتاب
260 ## - PUBLICATION, DISTRIBUTION, ETC. (IMPRINT)
-- انجلترا :
-- PHARMACEUTICAL PRESS ،
Holdings
حالة التراجع حالة الفقد حالة تلف ليس للاعارة المكان المؤقت الموقع الحالى تاريخ الاكتساب اجمالي اﻻعارات رقم الطلب الباركود تاريخ اخر مشاهدة تاريخ تفعيل السعر نوع وعاء كوها
        مكتبة القاهرة الكبرى مكتبة القاهرة الكبرى 03/26/2014   615.6\R D 15376 03/26/2014 03/26/2014 كتاب

Powered By

EGPV